LDR 00646naa#a2200169#i#450# 001 EN\\bibl\117552 005 20260502095411.6 011 ## _a2312-7937 100 ## _a20260401b2026####ek#y0engy0150####ca 102 ## _aRU 200 1# _aCountering organized crime of a common criminal nature: problems and ways to solve them _eJournal article 210 1# _aDomodedovo _cAll-Russian Advanced Training Institute of the Ministry of the Interior of the Russian Federation _d2026 215 ## _a4 с. 608 ## _aJournal article _2local 675 ## _aПраво. Юридические науки. 34 _z 700 #1 _aKAUNOV _gALEKSANDR VLADIMIROVICH 856 4# _avipkmvd.editorum.ru _u